Normale Ansicht MARC-Ansicht ISBD

Peter Hacks auf der 'Fenne' in Groß Machnow (1974 - 2003) / (Titelsatznr. 373154)

[ MARC ]
MARC-Details
000 -Satzkennung
Kontrollfeld mit fester Länge 00811nam a2200229 4500
008 - Feld mit fester Länge zur physischen Beschreibung - Allgemeine Angaben
Kontrollfeld mit fester Länge 210119b ||||| |||| 00| 0 eng d
040 ## - Katalogisierungsquelle
Katalogisierungssprache ger
Übertragungsstelle DE-2950
Beschreibungsfestlegungen rda
Original-Katalogisierungsstelle DE-2950
041 ## - Sprachcode
Sprachcode des Textes/der Tonspur oder des separaten Titels ger
100 ## - Person oder Familie als 1. geistiger Schöpfer
Personenname Dell, Matthias:
245 ## - Titel
Haupttitel Peter Hacks auf der 'Fenne' in Groß Machnow (1974 - 2003) /
Verantwortlichkeitsangabe Matthias Dell
264 ## - Veröffentlichungsangabe, Vertriebsangabe, Herstellungsangabe
Erscheinungs-, Vertriebs-, Herstellungsdatum 2023
300 ## - Physische Beschreibung
Umfang 30 S.
490 ## - Gesamttitelangabe
Haupttitel der Reihe/Unterreihe Frankfurter Buntbücher ;
Zählung 72
600 ## - Nebeneintragung unter einem Schlagwort - Personenname
Personenname Hacks, Peter; Schriftsteller, Lyriker, Dramatiker, Kinderbuchautor, Erzähler, Dramaturg, Übersetzer, Librettist, Schriftsteller, Dramaturg, 1928-2003
651 ## - Nebeneintragung unter einem Schlagwort - Geografischer Name
Geografischer Name Groß Machnow
651 ## - Nebeneintragung unter einem Schlagwort - Geografischer Name
Geografischer Name Fenne (Rangsdorf)
773 ## - Übergeordnete Einheit
Ort, Verlag und Erscheinungsjahr Frankfurt (Oder): Kleist-Museum, 2023
Titel Frankfurter Buntbücher
Verknüpfungsangaben Bd. 72, S. 4-30
942 ## - Zusätzliche Felder (Koha)
Koha-Medientyp Aufsätze
Exemplare
Ausgeschieden Verloren Beschädigt Nicht entleihbar Permanenter Standort Aktueller Standort Aufstellungsort Eingabedatum Inventarnummer Anzahl Ausleihen Signatur Letzte Aktivität Preis gültig von Medientyp
        Stadtarchiv Frankfurt (Oder) | Archivbibliothek Stadtarchiv Frankfurt (Oder) | Archivbibliothek Lesesaal 06/06/2024 123/2023   III: 1637 ; FR4 06/06/2024 06/06/2024 Aufsätze